| 000 | 00609nam a22002057a 4500 | ||
|---|---|---|---|
| 005 | 20251108171802.0 | ||
| 008 | 250721s1994 xx 000 0 ara d | ||
| 020 | _a9770223573 | ||
| 082 | 1 | 4 | _aط/625.7/شوا |
| 245 | 1 | 0 | _aالشوارع و الطرق الرئيسية / |
| 264 | 1 |
_aالقاهره : _bدار المعارف، _c1994. |
|
| 300 | _a30ص. : مص. | ||
| 490 | 0 | _aالمعارف للأولاد | |
| 650 | 1 | 7 | _aالطرق |
| 650 | 1 | 7 | _aشبكات الطرق |
| 650 | 1 | 7 | _aإضاءة الشوارع |
| 653 | _aناشئون صغار (10-14 سنة) | ||
| 942 |
_2ddc _cBK |
||
| 999 |
_c62463 _d62463 |
||